| 000 | 01098nam a22002537a 4500 | ||
|---|---|---|---|
| 005 | 20170124103108.0 | ||
| 010 | _aB-069215 | ||
| 020 |
_c200.00 _a8187110694 |
||
| 035 | _aB-069215 | ||
| 037 | _bCen Lib/Ret | ||
| 040 |
_aDPL _bHN |
||
| 082 |
_a080 _bशर्माप्रे |
||
| 100 |
_aशर्मा, प्रेमपाल _978922 |
||
| 245 |
_aसमय, समाज और संस्कृति / _cप्रेमपाल शर्मा |
||
| 246 |
_aSamay, samaj aur sanskrity / _bby Prempal Sharma |
||
| 260 |
_a दिल्ली _bमेधा बुक्स _c2002 |
||
| 270 |
_b दिल्ली _aएक्स-11, नवीन शाहदरा _e110032 |
||
| 300 |
_a208पृ. _c19सेमी (सजिल्द) |
||
| 650 |
_aहिंदी--पत्रकारिता _91191 |
||
| 650 |
_aहिंदी--पत्रकारिता--संस्कृति _943880 |
||
| 650 |
_aHindi--journalism _943511 |
||
| 650 |
_aHindi - journalism - Culture _978923 |
||
| 942 |
_2ddc _cHN _h080 _mशर्माप्रे |
||
| 999 |
_c118222 _d118222 |
||